| 000 | 01095cab a2200229 4500 | ||
|---|---|---|---|
| 001 | X91573 | ||
| 008 | 090401t1998 xxu||||| |||| 00| 0 eng d | ||
| 035 | _a(Sirsi) u86060 | ||
| 041 | _aeng | ||
| 245 | _aMacclesfield BC v Henbury High School | ||
| 260 | _c1998 | ||
| 350 | _a0 | ||
| 490 |
_aPlanning Appeal Decisions _v(1998) 13 PAD 204-210(7) |
||
| 520 | _aOutline application for sports hall, floodlit all-weather pitch - car parking - access road - 0.9ha residential development - sports development centre for use by school and community - further application - structure and local plans - PPGs 3 (revised) and 17 - whether unacceptable loss of appeal site - conflict with emerging policies, but not with development plan - supply of housing land - development on other than allocated sites - noise from sports facilities - traffic coming to site - conditions. HEADNOTE. | ||
| 650 | _aMACCLESFIELD BC V HENBURY HIGH SCHOOL | ||
| 650 | _aPPG17 | ||
| 650 | _aPPG3 | ||
| 650 | _aSPORTS CENTRE | ||
| 690 | _aPLANNING LAW AND PRACTICE-CASE LAW | ||
| 942 | _n0 | ||
| 948 | _c07/05/1998 | ||
| 999 |
_c54142 _d54142 |
||